00442nmm a2200157Ia 4500008004100000020001800041041000800059100002700067245001000094264006500104300001700169650002300186856005100209942000700260999001700267251105s9999||||xx |||||||||||||||||und|| a9781558852204 aspa aColón-Vilá, Lilian 0aSalsa a[Washington, Estados Unidos] :bArte Público Press, c1998 a32 páginas aAges 6-8 Years Old uhttps://public.digitaliapublishing.com/a/23188 cCF c74673d74673